000 00592nam a2200229Ia 4500
003 OSt
005 20221005122440.0
006 a|||||r|||| 00| 0
007 ta
008 221004b |||||||| |||| 00| 0 eng d
024 _a40149
037 _cTextual
040 _aCRL
_cCRL
_beng
041 _2eng
_aeng
082 _aO:6K68:15, H7.1-.2
100 _aSwift Jonathan
245 0 _aJournal to Stella ed by Harold Williams
260 _c1947
650 _aENGLISH LITERATURE
942 _hO:6K68:15, H7.1-.2
_cTEXL
_2cc
999 _c1044332
_d1044332